000 00814nam0a22002771 4500
001 v19\rc\1817454
005 20250619132054.0
035 _a(NLR Aleph) 004915980
090 _a5527307
_c5527307
100 _a20071224d1909 |||y0rusy50 ca
101 0 _arus
102 _aRU
105 _aa z |||a|
200 1 _aВитя и Митя, два юных охотника
_eРассказ и рис. А. Марго
210 _a[Санкт-Петербург]
_cт-во М.О. Вольф
_d[1909]
215 _a8 с.
_cил.
_d12х17
700 1 _aМарго
_bА.
702 1 _aМарго
_bА.
_4440
801 0 _aRU
_bNLR
_gpsbo
801 0 _aRU
_bRuMoRGB
_2psbo
801 1 _aRU
_bProSoft-M
_2rusmarc
852 _aNLR
_j34.50.7.1186
899 _aRuMoRGB
_jW 42/645
899 _aБАН
942 _cBOOK
980 _aNB